[Event "26th WSCC 2016 Open 65+"]
[Site "Marianske Lazne, Czech Republic - Hotel Cristal and Continental"]
[Date "2016.11.29"]
[Round "10.107"]
[White "Brhlik, Antonin"]
[Black "Baumgarten, Werner"]
[Result "0-1"]
[WhiteElo "1732"]
[BlackElo "1882"]
[PlyCount "112"]
[EventDate "2016.11.19"]

1. e4 c6 2. d4 g6 3. Nc3 Bg7 4. Be3 d5 5. e5 f6 6. exf6 Nxf6 7. Bd3 O-O 8. Qd2
Ng4 9. h4 Bf5 10. h5 Qd6 11. Bxf5 Rxf5 12. O-O-O Nd7 13. h6 Bh8 14. Nh3 Nxe3
15. Qxe3 e5 16. dxe5 Nxe5 17. Rhe1 Qb4 18. a3 Qd6 19. Ne4 Qf8 20. Ng3 Rf7 21.
f4 Nc4 22. Qb3 Bxb2+ 23. Kb1 Qxa3 24. Qxa3 Bxa3 25. Re6 Bf8 26. Ka2 Bd6 27.
Rde1 Raf8 28. Re8 Bxf4 29. Nxf4 Rxf4 30. R1e7 R4f7 31. Ne2 Nd6 32. Rxf7 Kxf7
33. Re3 Nf5 34. Rf3 Ke7 35. g4 Nd6 36. Re3+ Kd7 37. Nd4 Rf4 38. Nb3 b6 39. Rg3
c5 40. Nd2 Kc6 41. Nf3 Re4 42. Ng5 Re7 43. Rf3 Kd7 44. Ra3 a5 45. Rb3 Ne4 46.
Nf3 Ke6 47. Re3 d4 48. Rd3 b5 49. Nh4 Ng5 50. Rd2 a4 51. Rh2 Kd5 52. Ng2 b4 53.
Nf4+ Kc4 54. Kb2 Rf7 55. Ne2 Rf3 56. Ng1 Rg3 0-1

[Event "26th WSCC 2016 Open 65+"]
[Site "Marianske Lazne, Czech Republic - Hotel Cristal and Continental"]
[Date "2016.11.29"]
[Round "10.108"]
[White "Prammer, Franz"]
[Black "Birkestrand, Odd"]
[Result "1/2-1/2"]
[WhiteElo "1864"]
[BlackElo "1703"]
[PlyCount "42"]
[EventDate "2016.11.19"]

1. e4 e5 2. Nf3 Nc6 3. Bc4 Nf6 4. d3 Be7 5. a4 d6 6. h3 O-O 7. O-O a6 8. Re1 h6
9. c3 Bd7 10. Na3 Nh7 11. b4 Ng5 12. Nxg5 Bxg5 13. Qh5 Bxc1 14. Rexc1 Qf6 15.
Nc2 Be6 16. Ne3 Bxc4 17. dxc4 Ne7 18. Rd1 Rad8 19. g3 Kh7 20. Kg2 g6 21. Qe2
Qe6 $11 1/2-1/2

[Event "26th WSCC 2016 Open 65+"]
[Site "Marianske Lazne, Czech Republic - Hotel Cristal and Continental"]
[Date "2016.11.29"]
[Round "10.109"]
[White "Patola, Eero"]
[Black "Svec, Ludek"]
[Result "1/2-1/2"]
[WhiteElo "1862"]
[BlackElo "1702"]
[PlyCount "127"]
[EventDate "2016.11.19"]

1. e4 c5 2. c4 Nc6 3. Nc3 Nf6 4. g3 d6 5. Bg2 g6 6. Nge2 Bg7 7. d3 O-O 8. O-O
Nd4 9. Nxd4 cxd4 10. Ne2 Qb6 11. h3 e5 12. Rb1 a5 13. b3 Nd7 14. f4 Nc5 15. f5
f6 16. h4 Re8 17. g4 Qd8 18. Ng3 Bd7 19. fxg6 hxg6 20. h5 g5 21. Nf5 Bf8 22.
Rf3 b5 23. Rh3 Rb8 24. Ba3 b4 25. Bb2 Ra8 26. a3 Ra7 27. Bc1 Qb6 28. axb4 axb4
29. Qf3 Be6 30. Bf1 Rea8 31. Ng3 Qd8 32. h6 Rh7 33. Bd2 Rb8 34. Be2 Be7 35. Nf5
Bf8 36. Kg2 Bf7 37. Qf2 Ne6 38. Ra1 Nf4+ 39. Bxf4 gxf4 40. Qh4 Bg6 41. Kf3 Rf7
42. Rg1 Kh7 43. Qf2 Be7 44. Nh4 Qg8 45. Nxg6 Qxg6 46. Qh2 Rff8 47. Kf2 Ra8 48.
Qh1 Ra2 49. Qf3 Rfa8 50. Rhh1 R8a3 51. Rb1 Rc2 52. Ra1 Rca2 53. Rxa2 Rxa2 54.
Qh3 Qg5 55. Kf3 Bf8 56. Rc1 Rxe2 57. Kxe2 f3+ 58. Qxf3 Qxc1 59. Qf5+ Kg8 60.
Qg6+ Kh8 61. Qxf6+ Kg8 62. Qe6+ Kh8 63. Qf6+ Kg8 64. Qg6+ 1/2-1/2

[Event "26th WSCC 2016 Open 65+"]
[Site "Marianske Lazne, Czech Republic - Hotel Cristal and Continental"]
[Date "2016.11.29"]
[Round "10.110"]
[White "Londin, Milan"]
[Black "Pihlajamaki, Antti"]
[Result "1/2-1/2"]
[WhiteElo "1754"]
[BlackElo "1848"]
[PlyCount "31"]
[EventDate "2016.11.19"]

1. e4 c6 2. d4 d5 3. Nc3 dxe4 4. Nxe4 Nf6 5. f3 Nxe4 6. fxe4 e5 7. Nf3 exd4 8.
Qxd4 Qxd4 9. Nxd4 Bc5 10. c3 O-O 11. Bd3 Nd7 12. Bf4 Re8 13. O-O-O Ne5 14. Nb3
Nxd3+ 15. Rxd3 Bb6 16. Nd2 1/2-1/2

[Event "26th WSCC 2016 Open 65+"]
[Site "Marianske Lazne, Czech Republic - Hotel Cristal and Continental"]
[Date "2016.11.29"]
[Round "10.113"]
[White "Svoboda, Jaroslav"]
[Black "Korenevski, Oleg"]
[Result "1-0"]
[WhiteElo "1712"]
[BlackElo "1823"]
[PlyCount "86"]
[EventDate "2016.11.19"]

1. d4 d5 2. Nf3 Nf6 3. c4 e6 4. Bg5 h6 5. Bh4 Bb4+ 6. Nc3 g5 7. Bg3 Ne4 8. Rc1
dxc4 9. a3 Bxc3+ 10. bxc3 Nxg3 11. hxg3 Qd5 12. Nd2 b5 13. e4 Qd6 14. a4 c6 15.
Be2 a6 16. Bh5 Bb7 17. e5 Qe7 18. Ne4 Rf8 19. Nd6+ Kd8 20. Qf3 f5 21. g4 fxg4
22. Qxg4 Rf4 23. Qe2 Ra7 24. g3 Rf8 25. Bg4 Rh8 26. f4 gxf4 27. gxf4 Nd7 28. f5
exf5 29. Bxf5 Kc7 30. a5 Qg5 31. Kd1 c5 32. Rh5 Qf4 33. Nxb7 Rxb7 34. Bxd7 cxd4
35. e6 d3 36. Qh2 Qxh2 37. Rxh2 Rbb8 38. Kd2 Rh7 39. Rh5 Kd6 40. Rch1 Rbh8 41.
R1h4 Rg7 42. Ke3 Rg3+ 43. Kf2 d2 1-0

[Event "26th WSCC 2016 Open 65+"]
[Site "Marianske Lazne, Czech Republic - Hotel Cristal and Continental"]
[Date "2016.11.29"]
[Round "10.114"]
[White "Zak, Jiri"]
[Black "Dalling, Peter"]
[Result "1/2-1/2"]
[WhiteElo "1628"]
[BlackElo "1817"]
[PlyCount "39"]
[EventDate "2016.11.19"]

1. d4 d5 2. c4 e6 3. Nc3 c6 4. Nf3 dxc4 5. a4 Bb4 6. e3 b5 7. Bd2 Bb7 8. Ne5
Nf6 9. b3 Bxc3 10. Bxc3 Nd5 11. Qd2 Qg5 12. bxc4 Nxc3 13. Qxc3 O-O 14. Nf3 Qf6
15. c5 a6 16. Ne5 Rd8 17. Be2 Nd7 18. Nxd7 Rxd7 19. Bf3 Qd8 20. O-O 1/2-1/2

[Event "26th WSCC 2016 Open 65+"]
[Site "Marianske Lazne, Czech Republic - Hotel Cristal and Continental"]
[Date "2016.11.29"]
[Round "10.115"]
[White "Marshall, Michael"]
[Black "Rychtecky, Pavel"]
[Result "1-0"]
[WhiteElo "1841"]
[BlackElo "1601"]
[PlyCount "105"]
[EventDate "2016.11.19"]

1. d4 Nf6 2. Nf3 e6 3. e3 b6 4. Bd3 Bb7 5. O-O Be7 6. c4 O-O 7. Nc3 d5 8. b3
Nbd7 9. Bb2 c5 10. cxd5 exd5 11. Qe2 Ne4 12. Rac1 f5 13. Rfd1 Ndf6 14. Ne5 cxd4
15. exd4 Rc8 16. f3 Nxc3 17. Bxc3 g6 18. Re1 Rc7 19. Bb2 Rxc1 20. Rxc1 Bd6 21.
Qd2 a6 22. Qg5 Nh5 23. Qd2 Qe7 24. Rc2 Rc8 25. Rxc8+ Bxc8 26. g3 Kg7 27. Qe2 b5
28. Kg2 Nf6 29. Bc1 h6 30. Qd2 Ng8 31. Qc2 Qc7 32. Qxc7+ Bxc7 33. Ba3 Kf6 34.
Bb2 g5 35. Kf2 Bd6 36. Ke3 Ne7 37. Ke2 Ke6 38. f4 g4 39. Bc2 h5 40. Bc3 b4 41.
Be1 a5 42. Bd3 Bxe5 43. dxe5 Bd7 44. Bf2 a4 45. Bc5 axb3 46. axb3 Nc6 47. Kd2
Ne7 48. Bxb4 Ng6 49. Ke3 h4 50. Be1 hxg3 51. hxg3 Bc6 52. Kd4 Kd7 53. Bxf5+ 1-0

[Event "26th WSCC 2016 Open 65+"]
[Site "Marianske Lazne, Czech Republic - Hotel Cristal and Continental"]
[Date "2016.11.29"]
[Round "10.116"]
[White "Glacner, Karel"]
[Black "Flockerzi, Armin"]
[Result "0-1"]
[WhiteElo "1629"]
[BlackElo "1860"]
[PlyCount "116"]
[EventDate "2016.11.19"]

1. Nf3 d5 2. g3 Nf6 3. Bg2 c6 4. d4 g6 5. Bg5 Bg7 6. Nc3 Qa5 7. Bd2 Qb6 8. Rb1
O-O 9. Na4 Qd8 10. Ne5 Nbd7 11. Nf3 b5 12. Nc5 Nxc5 13. dxc5 a5 14. Ne5 Bb7 15.
f3 Qc7 16. Bf4 Qc8 17. Nd3 Nd7 18. Bh3 e6 19. Bd6 Re8 20. Qd2 Bf8 21. Bxf8 Rxf8
22. Qh6 Qd8 23. Qe3 Qe7 24. O-O Rfd8 25. c3 Ba6 26. b4 axb4 27. cxb4 Bb7 28.
Rb2 Ra3 29. Qd2 Rda8 30. Rc1 Qf6 31. Nf2 Ne5 32. Qf4 Qxf4 33. gxf4 Nc4 34. Rbc2
Rxa2 35. Nd3 f5 36. Kf2 Kg7 37. Bg2 Kf6 38. h4 e5 39. fxe5+ Nxe5 40. Nxe5 Kxe5
41. e3 f4 42. Bh3 Rxc2+ 43. Rxc2 Ra4 44. exf4+ Kxf4 45. Rb2 Ra3 46. Kg2 Ke3 47.
Be6 $11 h6 48. Kg3 d4 49. Rb3+ Rxb3 50. Bxb3 Bc8 51. Bf7 g5 52. hxg5 hxg5 53.
Bb3 d3 54. Bd1 Bd7 55. Kg2 Kd2 56. Bb3 Kc3 57. Bd1 Kxb4 58. Kf2 Kxc5 0-1

[Event "26th WSCC 2016 Open 65+"]
[Site "Marianske Lazne, Czech Republic - Hotel Cristal and Continental"]
[Date "2016.11.29"]
[Round "10.117"]
[White "Vagner, Grigorij"]
[Black "Scholtyssek, Werner"]
[Result "1/2-1/2"]
[WhiteElo "1849"]
[BlackElo "1734"]
[PlyCount "117"]
[EventDate "2016.11.19"]

1. e4 e6 2. Nf3 Nf6 3. Nc3 Bb4 4. e5 Bxc3 5. bxc3 Nd5 6. c4 Ne7 7. Ba3 b6 8. d4
Bb7 9. Bd3 d6 10. exd6 cxd6 11. O-O Qc7 12. Qe2 O-O 13. Rae1 Bxf3 14. Qxf3 Nbc6
15. c3 e5 16. Qh3 f5 17. Bb1 Rf6 18. Bc1 f4 19. Qxh7+ Kf7 20. f3 Rh6 21. Qe4
Rah8 22. dxe5 dxe5 23. h3 Qc8 24. c5 Rxh3 25. a4 Rh1+ 26. Kf2 R1h2 27. Rg1 Qh3
28. cxb6 axb6 29. Kf1 Qg3 30. Ba2+ Ke8 31. Qe2 R8h6 32. Rd1 Rh1 33. Qf2 Rxg1+
34. Qxg1 e4 35. fxe4 Qxc3 36. Ke2 Qc2+ 37. Rd2 Qxe4+ 38. Kd1 Qxa4+ 39. Ke1 Qb4
40. Bb2 Rd6 41. Qf2 g5 42. Qe2 Rxd2 43. Qxd2 Qxd2+ 44. Kxd2 g4 45. Be6 g3 46.
Ke2 Ng6 47. Bd5 Nce5 48. Be4 Kf7 49. Bd4 f3+ 50. gxf3 Nf4+ 51. Kf1 g2+ 52. Kg1
Ne2+ 53. Kxg2 Nxd4 54. f4 Nec6 55. Kf2 b5 56. Ke3 Kf6 57. Kd3 b4 58. Kc4 b3 59.
Bxc6 1/2-1/2

[Event "26th WSCC 2016 Open 65+"]
[Site "Marianske Lazne, Czech Republic - Hotel Cristal and Continental"]
[Date "2016.11.29"]
[Round "10.118"]
[White "Mella, Aage"]
[Black "Andersson, Finn"]
[Result "0-1"]
[WhiteElo "1781"]
[BlackElo "1833"]
[PlyCount "71"]
[EventDate "2016.11.19"]

1. c4 e6 2. g3 Nf6 3. Bg2 d5 4. b3 dxc4 5. bxc4 Qd4 6. Nc3 Qxc4 7. e3 Nc6 8.
Nge2 Be7 9. O-O O-O 10. Rb1 Rd8 11. d4 Nb4 12. Qb3 Qxb3 13. Rxb3 c6 14. e4 a5
15. Rd1 b6 16. a3 Nc2 17. Rxb6 Nxa3 18. Rxc6 Bd7 19. Rb6 Nc4 20. Rb1 Bc6 21.
Bf4 Kf8 22. Ra1 Nb2 23. Rdb1 Nc4 24. h3 h6 25. g4 Bb4 26. Bc7 Bxc3 27. Nxc3
Rxd4 28. Nb5 Rd7 29. Bg3 Bxe4 30. Bxe4 Nxe4 31. Rc1 Ned2 32. Rc2 e5 33. Bxe5
Nxe5 34. Nc7 Rad8 35. Rxa5 Ndf3+ 36. Kg2 0-1

[Event "26th WSCC 2016 Open 65+"]
[Site "Marianske Lazne, Czech Republic - Hotel Cristal and Continental"]
[Date "2016.11.29"]
[Round "10.119"]
[White "Siewert, Wolfgang"]
[Black "Wibe, Per H"]
[Result "1-0"]
[WhiteElo "1753"]
[BlackElo "1805"]
[PlyCount "51"]
[EventDate "2016.11.19"]

1. e4 c5 2. Nf3 d6 3. d4 cxd4 4. Nxd4 Nf6 5. Nc3 a6 6. a4 e5 7. Nf3 Nc6 8. Bg5
Bg4 9. Be2 h6 10. Bxf6 gxf6 11. Nd5 f5 12. h3 Bxf3 13. Bxf3 fxe4 14. Bxe4 Qa5+
15. c3 Be7 16. b4 Qd8 17. Qg4 Kf8 18. O-O Bg5 19. Qh5 Ne7 20. h4 f5 21. Nxe7
Bxe7 22. Qxf5+ Bf6 23. f4 Ke8 24. fxe5 Qb6+ 25. Kh1 Bxh4 26. Qh5+ 1-0

[Event "26th WSCC 2016 Open 65+"]
[Site "Marianske Lazne, Czech Republic - Hotel Cristal and Continental"]
[Date "2016.11.29"]
[Round "10.120"]
[White "Kolek, Josef"]
[Black "Kosina, Vladimir"]
[Result "1/2-1/2"]
[WhiteElo "1801"]
[BlackElo "1715"]
[PlyCount "122"]
[EventDate "2016.11.19"]

1. c4 d5 2. cxd5 Nf6 3. Nc3 Nxd5 4. g3 Nxc3 5. bxc3 Bd7 6. Bg2 Bc6 7. Nf3 g6 8.
O-O Bg7 9. d4 O-O 10. Re1 e6 11. e4 Re8 12. Bb2 Nd7 13. Qb3 Nb6 14. a4 a5 15.
Nd2 Qd7 16. Nc4 Nxa4 17. Bc1 b5 18. Ne3 Nb6 19. Rd1 a4 20. Qc2 Bb7 21. Ba3 h5
22. h4 Bh6 23. f4 Rab8 24. Qe2 f5 25. Qd3 c6 26. Bc5 Nc8 27. Bh3 Nd6 28. Bg2
Bf8 29. e5 Nc8 30. Bxf8 Kxf8 31. c4 Rd8 32. Qa3+ Qe7 33. c5 Qd7 34. Nc2 Ne7 35.
Nb4 Qe8 36. Rd3 Rd7 37. Rad1 Rbd8 38. Qc3 Kf7 39. Qa3 Ra8 40. R1d2 Qd8 41. Rd1
Qa5 42. R1d2 Rad8 43. Rd1 Qc7 44. R1d2 Qc8 45. Rd1 Nd5 46. Nxd5 Rxd5 47. Bxd5
Rxd5 48. Qb4 Qd8 49. Ra1 Rd7 50. Rad1 Ba6 51. Ra1 Ra7 52. Rad1 Bc8 53. Ra3 Qd5
54. Rad3 Qd8 55. R1d2 Rd7 56. Rd1 Rd5 57. R1d2 Ba6 58. Kf2 Bc8 59. Ke3 Rd7 60.
Rd1 Ra7 61. R1d2 Rd7 1/2-1/2

[Event "26th WSCC 2016 Open 65+"]
[Site "Marianske Lazne, Czech Republic - Hotel Cristal and Continental"]
[Date "2016.11.29"]
[Round "10.121"]
[White "Usselman, Paul"]
[Black "Zelenka, Pavel"]
[Result "1-0"]
[WhiteElo "1798"]
[BlackElo "1563"]
[PlyCount "47"]
[EventDate "2016.11.19"]

1. d4 d5 2. Nf3 Nf6 3. e3 e6 4. Bd3 Nbd7 5. b3 c5 6. Bb2 Be7 7. O-O O-O 8. Nbd2
b6 9. Ne5 Nxe5 10. dxe5 Ne8 11. f4 g6 12. Rf3 Ng7 13. Rh3 f5 14. Nf3 Nh5 15.
Qe2 Bb7 16. Rd1 Qc7 17. c4 d4 18. Rxh5 gxh5 19. exd4 Rad8 20. Kh1 Kh8 21. d5
exd5 22. cxd5 Bxd5 23. e6+ Bf6 24. e7 1-0

[Event "26th WSCC 2016 Open 65+"]
[Site "Marianske Lazne, Czech Republic - Hotel Cristal and Continental"]
[Date "2016.11.29"]
[Round "10.122"]
[White "Malinovsky, Jozef"]
[Black "Ostrowski, Michal"]
[Result "1-0"]
[WhiteElo "1794"]
[BlackElo "1223"]
[PlyCount "45"]
[EventDate "2016.11.19"]

1. e4 Nc6 2. Nc3 e5 3. Bc4 Bc5 4. Qg4 g6 5. Nd5 d6 6. Qf3 Be6 7. d3 Nd4 8. Qd1
c6 9. Ne3 Bxc4 10. Nxc4 b5 11. Ne3 Ne7 12. c3 Ne6 13. Ng4 Ng8 14. b4 Bb6 15. a4
a5 16. Ne3 Nf4 17. d4 Nf6 18. f3 exd4 19. cxd4 Ne6 20. Bb2 d5 21. e5 Nd7 22.
Ne2 Qe7 23. Bc3 {... 60 moves} 1-0

[Event "26th WSCC 2016 Open 65+"]
[Site "Marianske Lazne, Czech Republic - Hotel Cristal and Continental"]
[Date "2016.11.29"]
[Round "10.123"]
[White "Zikavsky, Rudolf"]
[Black "Weyand, Fernand"]
[Result "0-1"]
[WhiteElo "1632"]
[BlackElo "1816"]
[PlyCount "126"]
[EventDate "2016.11.19"]

1. d4 f5 2. c4 Nf6 3. Nc3 e6 4. Nf3 Be7 5. Bf4 O-O 6. e3 b6 7. Be2 d6 8. O-O
Nbd7 9. Ng5 Nb8 10. Bf3 c6 11. Kh1 h6 12. Nh3 g5 13. Bxg5 hxg5 14. Nxg5 Qe8 15.
Ne2 Ng4 16. Nh3 Qh5 17. Nef4 Qh6 18. Bxg4 fxg4 19. Qxg4+ Kf7 20. Qh5+ Qxh5 21.
Nxh5 Nd7 22. Ng3 a5 23. Rac1 Nf6 24. Ng5+ Ke8 25. Nh3 Rh8 26. Nf4 Kf7 27. f3
Bd7 28. Rf2 Rag8 29. Kg1 Nh7 30. Nfe2 Bh4 31. a4 Ke7 32. Rff1 Be8 33. d5 c5 34.
e4 Bxa4 35. dxe6 Kxe6 36. Nf4+ Kd7 37. Nge2 Bg5 38. Rc3 Bf6 39. Ra3 Bc6 40. b3
Nf8 41. Ra2 Be5 42. Rd2 Rh4 43. Nd3 Bxh2+ 44. Kf2 Ng6 45. e5 Bxe5 46. Rfd1 Bd4+
47. Nxd4 Rxd4 48. g3 Rf8 49. f4 Kc7 50. Re1 Rh8 51. Ke2 Re8+ 52. Kf2 Rxe1 53.
Kxe1 Be4 54. Ke2 Rxd3 55. Rxd3 Bxd3+ 56. Kxd3 Kd7 57. Ke4 Ne7 58. f5 Nc6 59. g4
Nd4 60. g5 Nxb3 61. Kd5 Nd4 62. f6 Ne6 63. f7 Ke7 0-1

[Event "26th WSCC 2016 Open 65+"]
[Site "Marianske Lazne, Czech Republic - Hotel Cristal and Continental"]
[Date "2016.11.29"]
[Round "10.124"]
[White "Freeke, Kees"]
[Black "Klus, Jan"]
[Result "1/2-1/2"]
[WhiteElo "1791"]
[BlackElo "1694"]
[PlyCount "54"]
[EventDate "2016.11.19"]

1. e4 e5 2. Nf3 d6 3. d4 exd4 4. Qxd4 c5 5. Qd1 Be7 6. Nc3 Nf6 7. Bf4 Nc6 8.
Qd2 Nh5 9. Be3 Ne5 10. Nxe5 dxe5 11. Qxd8+ Kxd8 12. O-O-O+ Bd7 13. Nd5 Rc8 14.
f3 Ke8 15. g4 Nf6 16. c4 Nxd5 17. exd5 Bd6 18. Bd3 h6 19. h4 Ke7 20. h5 f6 21.
Rhg1 Kd8 22. Rg2 Ke7 23. Bf5 a6 24. b3 a5 25. a4 b6 26. Bg6 Be8 27. Bf5 Bd7
1/2-1/2

[Event "26th WSCC 2016 Open 65+"]
[Site "Marianske Lazne, Czech Republic - Hotel Cristal and Continental"]
[Date "2016.11.29"]
[Round "10.125"]
[White "Hasberger, Walter"]
[Black "Palla, Ivan"]
[Result "1/2-1/2"]
[WhiteElo "1739"]
[BlackElo "1514"]
[PlyCount "38"]
[EventDate "2016.11.19"]

1. e4 c5 2. Nf3 Nc6 3. d4 cxd4 4. Nxd4 e6 5. Be3 Nf6 6. Nd2 Be7 7. Bd3 Ne5 8.
O-O Nxd3 9. cxd3 O-O 10. h3 b6 11. Rc1 Bb7 12. Qb3 h6 13. Rc3 Kh7 14. Rfc1 Ne8
15. N2f3 Rc8 16. Nb5 Rxc3 17. Rxc3 Qb8 18. Nbd4 g6 19. g3 Bf6 1/2-1/2

[Event "26th WSCC 2016 Open 65+"]
[Site "Marianske Lazne, Czech Republic - Hotel Cristal and Continental"]
[Date "2016.11.29"]
[Round "10.126"]
[White "Nielsen, Peter"]
[Black "Svoboda, Zdenek"]
[Result "1/2-1/2"]
[WhiteElo "1713"]
[BlackElo "1659"]
[PlyCount "48"]
[EventDate "2016.11.19"]

1. e4 c6 2. d4 d5 3. exd5 Qxd5 4. Nc3 Qa5 5. Be2 Nf6 6. Bd2 Qc7 7. Nf3 Bg4 8.
h3 Bxf3 9. Bxf3 Qb6 10. Ne2 Nbd7 11. O-O e5 12. dxe5 Nxe5 13. Nc3 O-O-O 14. Be2
Bc5 15. Na4 Bxf2+ 16. Rxf2 Qd4 17. c3 Qxd2 18. Qf1 Qe3 19. Kh2 Ne4 20. Rf5 Ng3
21. Qf2 Qxf2 22. Rxf2 Ne4 23. Rf4 Nf6 24. Raf1 Rd5 $11 1/2-1/2

[Event "26th WSCC 2016 Open 65+"]
[Site "Marianske Lazne, Czech Republic - Hotel Cristal and Continental"]
[Date "2016.11.29"]
[Round "10.128"]
[White "Schramek, Kurt"]
[Black "Zurel, Maxim"]
[Result "1/2-1/2"]
[WhiteElo "1602"]
[BlackElo "1635"]
[PlyCount "79"]
[EventDate "2016.11.19"]

1. d4 Nf6 2. Bf4 g6 3. Nc3 Bg7 4. Qd2 O-O 5. Bh6 d5 6. Bxg7 Kxg7 7. Nf3 c6 8.
e3 Ne4 9. Nxe4 dxe4 10. Ne5 f6 11. Nc4 Be6 12. Qc3 a5 13. Nd2 Bd5 14. Be2 b5
15. b3 Qd6 16. Qb2 f5 17. c4 bxc4 18. bxc4 Bf7 19. c5 Qc7 20. O-O Kh6 21. Bc4
Nd7 22. Bxf7 Rxf7 23. Rab1 Rb8 24. Qc2 Rff8 25. Rxb8 Rxb8 26. Rb1 e5 27. Rxb8
Qxb8 28. Qb3 Qd8 29. Qc3 Qe7 30. g3 exd4 31. exd4 Nf6 32. Nc4 Nd5 33. Qc1+ Kg7
34. Ne3 Qg5 35. h4 Qd8 36. Nxd5 Qxd5 37. Qb2 Kh6 38. Qd2+ Kg7 39. Qb2 Kh6 40.
Qd2+ 1/2-1/2

[Event "26th WSCC 2016 Open 65+"]
[Site "Marianske Lazne, Czech Republic - Hotel Cristal and Continental"]
[Date "2016.11.29"]
[Round "10.129"]
[White "Dvorak, Pavel"]
[Black "Doehner, Hans-Juergen"]
[Result "0-1"]
[WhiteElo "1753"]
[BlackElo "2111"]
[PlyCount "66"]
[EventDate "2016.11.19"]

1. d4 Nf6 2. Nf3 e6 3. e3 d5 4. Bd3 c5 5. c3 c4 6. Bc2 Bd6 7. O-O b6 8. Nbd2
Bb7 9. Qe2 Ne4 10. Nxe4 dxe4 11. Nd2 Qc7 12. h3 f5 13. Ba4+ Ke7 14. Bb5 a6 15.
Bxc4 b5 16. Bb3 a5 17. a4 b4 18. c4 Ba6 19. Bc2 Nd7 20. b3 Nf6 21. Bb2 g5 22.
g4 h5 23. gxf5 exf5 24. d5 Be5 25. Bxe5 Qxe5 26. f3 Nxd5 27. Kg2 Qc3 28. Rfc1
Nxe3+ 29. Kf2 Nxc2 30. Nf1 Qd4+ 31. Kg2 Nxa1 32. Rd1 Qe5 33. Rd5 Qe6 0-1

[Event "26th WSCC 2016 Open 65+"]
[Site "Marianske Lazne, Czech Republic - Hotel Cristal and Continental"]
[Date "2016.11.29"]
[Round "10.130"]
[White "Tveten, Per"]
[Black "Brda, Vlastimil"]
[Result "1/2-1/2"]
[WhiteElo "1523"]
[BlackElo "1234"]
[PlyCount "128"]
[EventDate "2016.11.19"]

1. e4 c5 2. Nf3 h6 3. c4 e6 4. Nc3 Nc6 5. g3 Nge7 6. Bg2 Ng6 7. O-O e5 8. d3
Be7 9. Nd5 Bd6 10. h3 Nge7 11. Nh4 Nxd5 12. cxd5 Nd4 13. Be3 Be7 14. Bxd4 Bxh4
15. Bxe5 Bf6 16. f4 d6 17. Bxf6 gxf6 18. f5 Qb6 19. Qb3 Qa6 20. g4 Bd7 21. a4
b6 22. Qc4 Qb7 23. b4 cxb4 24. Qxb4 Qb8 25. Rfc1 a5 26. Qc4 h5 27. Bf3 h4 28.
Ra3 Ke7 29. Rac3 Rc8 30. Qd4 Rc5 31. Bd1 Qa7 32. Kg2 Rac8 33. Rc4 b5 34. axb5
Bxb5 35. Rxc5 Rxc5 36. Rxc5 Qxc5 37. Qxc5 dxc5 38. Bc2 a4 39. Kf3 Kd6 40. Ke3
Ke5 41. Kd2 Kd4 42. Bb1 a3 43. d6 c4 44. Ba2 c3+ 45. Kc1 Kxd3 46. Bxf7 Kxe4 47.
Be6 Kd4 48. Kb1 Kd3 49. Bb3 Kd2 50. Ka2 c2 51. Bxc2 Kxc2 52. Kxa3 Bd7 53. Kb4
Kd3 54. Kc5 Ke4 55. Kb6 Kf4 56. Kc7 Ba4 57. d7 Bxd7 58. Kxd7 Kg3 59. Ke6 Kxh3
60. Kxf6 Kxg4 61. Kg6 h3 62. f6 h2 63. f7 h1=Q 64. f8=Q Qh5+ 1/2-1/2

[Event "26th WSCC 2016 Open 65+"]
[Site "Marianske Lazne, Czech Republic - Hotel Cristal and Continental"]
[Date "2016.11.30"]
[Round "11.1"]
[White "Vaisser, Anatoly"]
[Black "Jansa, Vlastimil"]
[Result "1/2-1/2"]
[WhiteElo "2505"]
[BlackElo "2418"]
[PlyCount "55"]
[EventDate "2016.11.19"]

1. d4 Nf6 2. c4 g6 3. Nc3 d5 4. cxd5 Nxd5 5. e4 Nxc3 6. bxc3 Bg7 7. Nf3 c5 8.
Be3 Qa5 9. Nd2 cxd4 10. Nc4 Qd8 11. cxd4 O-O 12. Qd2 Nc6 13. Rd1 b5 14. Na3 a6
15. d5 Ne5 16. Be2 Qd6 17. Nc2 e6 18. Qb4 Qc7 19. Qc5 Qxc5 20. Bxc5 Re8 21. O-O
exd5 22. exd5 Bb7 23. Ne3 Rac8 24. Bd4 Nd7 25. Bxg7 Kxg7 26. Rd4 Nb6 27. Bf3
Rcd8 28. Rc1 1/2-1/2

[Event "26th WSCC 2016 Open 65+"]
[Site "Marianske Lazne, Czech Republic - Hotel Cristal and Continental"]
[Date "2016.11.30"]
[Round "11.2"]
[White "Zhelnin, Vladimir V"]
[Black "Maryasin, Boris"]
[Result "1-0"]
[WhiteElo "2453"]
[BlackElo "2331"]
[PlyCount "51"]
[EventDate "2016.11.19"]

1. e4 c5 2. Nf3 e6 3. Nc3 a6 4. d4 cxd4 5. Nxd4 b5 6. Bd3 Qb6 7. Nf3 Qc7 8. O-O
Bb7 9. Re1 Nc6 10. Bg5 f6 11. Nd5 exd5 12. exd5+ Be7 13. dxc6 dxc6 14. Bh4 c5
15. Bg3 Qd7 16. Qe2 Rd8 17. Nh4 Qd5 18. Rad1 Qc6 19. Bxh7 Rxd1 20. Qh5+ g6 21.
Qxg6+ Kf8 22. Rxd1 Qe6 23. Nf5 Bd5 24. Qg7+ Ke8 25. Bg6+ Kd7 26. Ne3 1-0

[Event "26th WSCC 2016 Open 65+"]
[Site "Marianske Lazne, Czech Republic - Hotel Cristal and Continental"]
[Date "2016.11.30"]
[Round "11.4"]
[White "Werner, Clemens"]
[Black "Komljenovic, Davorin"]
[Result "1-0"]
[WhiteElo "2325"]
[BlackElo "2375"]
[PlyCount "81"]
[EventDate "2016.11.19"]

1. e4 d6 2. d4 Nf6 3. Nc3 e5 4. dxe5 dxe5 5. Qxd8+ Kxd8 6. Bc4 Be6 7. Bxe6 fxe6
8. Nge2 Bc5 9. Bg5 Nbd7 10. f3 Ke7 11. Bh4 a6 12. Bf2 Bd6 13. a4 b5 14. O-O b4
15. Nb1 a5 16. Nd2 Nb6 17. Rfd1 Nfd7 18. Kf1 g5 19. Ng3 h5 20. Ke2 Rag8 21.
Ngf1 Bc5 22. Bxc5+ Nxc5 23. b3 Nb7 24. Ne3 Nd8 25. Rac1 c5 26. c3 Nc6 27. cxb4
Nd4+ 28. Kf2 cxb4 29. Rc5 Kf6 30. Rxa5 Rc8 31. Ra6 Nd7 32. Nd5+ Kf7 33. Ra7 Ke8
34. Nxb4 Rf8 35. Nc4 Rb8 36. Rxd7 Kxd7 37. Nxe5+ Kd6 38. Rxd4+ Kxe5 39. Nc6+
Kf6 40. Nxb8 Rxb8 41. b4 1-0

[Event "26th WSCC 2016 Open 65+"]
[Site "Marianske Lazne, Czech Republic - Hotel Cristal and Continental"]
[Date "2016.11.30"]
[Round "11.5"]
[White "Okhotnik, Vladimir"]
[Black "Kelleher, William"]
[Result "1-0"]
[WhiteElo "2434"]
[BlackElo "2292"]
[PlyCount "75"]
[EventDate "2016.11.19"]

1. c4 c6 2. e4 d5 3. exd5 cxd5 4. cxd5 Nf6 5. Nc3 Nxd5 6. Bc4 e6 7. Nf3 Nc6 8.
d4 Be7 9. O-O O-O 10. Re1 Nxc3 11. bxc3 Qc7 12. Bd3 b6 13. Qc2 g6 14. h4 Bf6
15. h5 Ne7 16. Ne5 Bb7 17. Ng4 Bg7 18. Nh6+ Kh8 19. hxg6 fxg6 20. Ng4 Nd5 21.
Be4 Rac8 22. Bxd5 Bxd5 23. Ba3 Rf4 24. Qd1 Qf7 25. Bd6 Rxc3 26. Bxf4 Qxf4 27.
Re3 Rc4 28. Rc1 Bxd4 29. Rxc4 Bxc4 30. Rf3 Qd6 31. Rf7 e5 32. Rxa7 Qf8 33. Qf3
Qxf3 34. gxf3 b5 35. Rc7 Kg8 36. Nf6+ Kf8 37. a4 Bb6 38. Nd7+ 1-0

[Event "26th WSCC 2016 Open 65+"]
[Site "Marianske Lazne, Czech Republic - Hotel Cristal and Continental"]
[Date "2016.11.30"]
[Round "11.6"]
[White "Vasiukov, Evgeni"]
[Black "Mishuchkov, Nikolai M"]
[Result "1/2-1/2"]
[WhiteElo "2405"]
[BlackElo "2319"]
[PlyCount "22"]
[EventDate "2016.11.19"]

1. e4 e5 2. Nf3 Nc6 3. Bb5 Nf6 4. O-O Nxe4 5. Re1 Nd6 6. Nxe5 Nxe5 7. Rxe5+ Be7
8. Bf1 O-O 9. d4 Bf6 10. Re1 Re8 11. Rxe8+ Nxe8 1/2-1/2